000 00987nam a22002057a 4500
003 CO-ViMGA
020 _a97895818044443
040 _aCO-ViMGA
_bspa
_cCO-ViMGA
082 0 4 _a303.6609861 O23a
100 1 _aMesa de conversaciones
_911980
245 1 0 _aAcuerdo final para la terminación del conflicto & la construcción de una paz estable y duradera / Mención de responsabilidad, etc. Mesa de Conversaciones ; coordinador editorial Oficina del Alto Comisionado para la Paz
250 _aabril de 2017
260 _a[Bogotá] : Nombre del editor, distribuidor, etc. Torreblanca, Fecha de publicación, distribución, etc. 2017
300 _a310 páginas : Otras características físicas ilustraciones, fotografías en blanco y negro ; Dimensiones 22 cm
650 1 4 _aAcuerdos De Paz - Colombia
_911982
650 1 4 _aConstruccion De Paz - Colombia
_911981
650 1 4 _aParticipacion Politica - Colombia
_911983
650 1 4 _aReforma Agraria - Colombia
_911984
942 _2ddc
_cBK
999 _c36966
_d36966